Normal view
MARC view
- ELECTRONIC MATERIALS AND DEVICES; ELECTRIC APPARATUS AND APPLIANCES; ELECTRIC ENGINEERING-MATERIALS
Entry Topical Term
001 - CONTROL NUMBER
- control field: 59849
003 - CONTROL NUMBER IDENTIFIER
- control field: NUST
005 - DATE AND TIME OF LATEST TRANSACTION
- control field: 20210628202425.0
008 - FIXED-LENGTH DATA ELEMENTS
- fixed length control field: 210628|| aca||aabn | a|a d
040 ## - CATALOGING SOURCE
- Original cataloging agency: NUST
- Transcribing agency: NUST
150 ## - HEADING--TOPICAL TERM
- Topical term or geographic name entry element: ELECTRONIC MATERIALS AND DEVICES; ELECTRIC APPARATUS AND APPLIANCES; ELECTRIC ENGINEERING-MATERIALS
670 ## - SOURCE DATA FOUND
- Source citation: Work cat.: (NUST): Kasap, S.O 58451, Principles of electronic materials and device, 2002
